00882nam a2200217 i 4500001000700000003000900007005001700016007000300033008004100036100003000077245013500107260004100242300002200283490004100305650004600346650005000392830004900442852003200491999001900523952012200542121817ES-MaACL20230906191831.0t|070214s1970 sp r ||||1| spa d1 aPortuondo, Juan A.99330310aCuatro técnicas en el test de apercepción temática y la autobiografía como técnica proyectiva / cpor Juan A. Portuondo. aMadrid : bBiblioteca Nueva, c1970. a113 p. ; c24 cm.1 aTextos y Temas Psicológicos ; v15 aTest de apercepción temática.9160565 aEnfermedades mentales-xDiagnóstico.9122660 aTextos y Temas Psicológicos ; v159186524 aES-MaACLjC-41321 bR.75781 c121817d121817 00104070aATENEOMbATENEOMcDEPO2d2008-01-17eSCl0oC-41321p1126944r2023-02-23 00:00:00w2023-02-23yMONOGRAFIA